000 00657nam a22002297a 4500
005 20170124110055.0
010 _aA-945647
020 _c00.00
035 _aA-945647
037 _bCen Lib/Ret
040 _aDPL
_bEN
082 _a658.5
_bCHU
100 _aChunawala, S.A
_925890
245 _aProduct management /
_cby S.A Chunawala
260 _aMumbai
_bHimalaya publishing house
_c1998
270 _bMumbai
_aDr. Bhalerao marg Girgaon
_e400004
300 _a279p.:
_c21cm(Hb)
_bill.
650 _aProduct management
_926342
650 _aMarketing environment
_925907
700 _926257
942 _2ddc
_cEN
_h658.5
_mCHU
999 _c129427
_d129427